zpět

Detail výsledku týmu

Oskar klub, Neratovice

Datum a čas kvízu

26.5 Celkem bodů Celkový počet nahraných bodů na tomto kvízu bez doplňovacích otázek.
4. Pořadí na kvízu Konečné umístění týmu na tomto kvízu.

Zaznamenané odpovědi

# Otázka Odpověď Body Výsledky
1. Centrum pro výzkum veřejného m... 0
2. Polská policie musela ve střed... 1
3. V úterý začal již 71. ročník n... 1
4. Obchodní řetězec Penny začal p... 1
5. Jak se jmenuje tým, který vyřa... 0
6. Také se Vám někdy stane, že v... 1
7. Okrajový; mezní; podružný, ned... 0
8. V zimě často slyšíme, že silni... 0
9. Pojmenujte česky slovo bilater... 1
10. Kdo hledí pouze na prospěch, t... 1